000 00922nam a22003257a 4500
003 OSt
005 20250218172606.0
008 250218b |||||||| |||| 00| 0 eng d
040 _c311624
049 _aEM0000016682
090 _a235.311
090 _bP928a
090 _cv.3
100 _aPCUSA
245 _aFinancial Report: the Annual Report of the Board of Foreign Mission of the Presbyterian Church in the United States of America 1885-1947
_dPCUSA
260 _aNew York
260 _bMISSION HOUSE
260 _c1885-1947
300 _ap.
_c21cm
505 _g2층 서고
653 _a재정보고서
653 _a미북장로교 재정보고서
653 _a미북장로회 재정보고서
653 _a미북장로회 선교문서
653 _a해외선교부
653 _a미북장로교 해외선교문서
653 _a한국선교
653 _a1885-1947
942 _2ddc
_cBK
999 _c11763
_d11763